000
00457nam a2200133Ia 4500
008
100328s9999 xx 000 0 und d
082
_b
66701
100
_a
खळदकर अरविंद.
245
_a
शेअरबाजाराशी मैत्री.
260
_b
कौशिक.
630
_a
शेअरबाजाराशी मैत्री.
730
_a
शेअरबाजाराशी मैत्री.
942
_c
BOOK
999
_c
552440
_d
552437